| 000 | 00631nam a2200217 a 4500 | ||
|---|---|---|---|
| 999 |
_c2607 _d2607 |
||
| 001 | 2607 | ||
| 003 | BD-JhCC | ||
| 005 | 20181105134016.0 | ||
| 008 | 171105s2006 bg |||| ||a| 000 0 ben d | ||
| 035 | _a(BD-JhCC)2607 | ||
| 040 |
_aBD-JhCC _dBD-JhCC |
||
| 041 | _aben | ||
| 082 |
_a891.443 _bKAM 2006 |
||
| 100 | _aকামরুজ্জামান, মো: | ||
| 245 |
_aঋণী ঋষি / _cমো: কামরুজ্জামান |
||
| 260 |
_aময়মনসিংহ : _b3T প্রকাশনী, _c2006. |
||
| 300 |
_a96 p. : _c21 cm. |
||
| 650 | _aBengali Novel | ||
| 942 |
_2ddc _cBK _01 |
||